[Event "Rated Rapid game"]
[Site "?"]
[Date "2021.06.21"]
[Round "?"]
[White "NeilDandekarBot"]
[Black "Boris-Trapsky"]
[Result "1-0"]
[WhiteElo "2662"]
[BlackElo "2275"]
[PlyCount "115"]
[EventDate "2021.??.??"]
[EventType "rapid"]

1. e4 e5 2. Nf3 d5 3. exd5 Bd6 4. d4 Nd7 5. dxe5 Nxe5 6. Nxe5 Bxe5 7. Bb5+ c6
8. Qe2 cxb5 9. Qxe5+ Qe7 10. Bf4 h6 11. Nc3 Bd7 12. Ne4 h5 13. O-O-O Qxe5 14.
Bxe5 f6 15. Bc3 a5 16. Nd6+ Kf8 17. Nxb7 b4 18. Bd4 Ne7 19. Bc5 Kf7 20. Bxe7
Kxe7 21. Rhe1+ Kf7 22. Nd6+ Kf8 23. Re3 f5 24. Nc4 Rh6 25. d6 Rd8 26. Nxa5 Be8
27. Red3 Bd7 28. Nb7 Rc8 29. Re3 Rg6 30. Re7 Rc7 31. Nd8 b3 32. axb3 Ra7 33.
Kb1 Kg8 34. Nc6 Ra6 35. Ne5 Raxd6 36. Rxd6 Rxd6 37. Rxd7 Rxd7 38. Nxd7 Kf7 39.
f4 Ke6 40. Ne5 g5 41. fxg5 Kxe5 42. b4 Kd6 43. g6 Ke6 44. b5 h4 45. b6 h3 46.
gxh3 Ke7 47. b7 Ke6 48. b8=Q Kf6 49. Qg8 f4 50. Qf8+ Kxg6 51. Qxf4 Kg7 52. h4
Kg6 53. Qg5+ Kf7 54. h5 Kf8 55. h6 Kf7 56. h7 Ke8 57. Qg7 Kd8 58. h8=Q# {Normal
} 1-0

[Event "Rated Blitz game"]
[Site "?"]
[Date "2021.06.21"]
[Round "?"]
[White "Mightyms"]
[Black "KamranShirazi"]
[Result "0-1"]
[WhiteElo "2495"]
[BlackElo "2550"]
[PlyCount "70"]
[EventDate "2021.??.??"]
[EventType "blitz"]

1. e4 e5 2. Nf3 d5 3. Nxe5 Bd6 4. d4 dxe4 5. Nc4 Be7 6. Nc3 Bf5 7. Be2 Nf6 8.
O-O O-O 9. Re1 Re8 10. h3 h6 11. Ne5 Bd6 12. Bc4 Bxe5 13. dxe5 Qxd1 14. Rxd1
Rxe5 15. Rd8+ Re8 16. Rxe8+ Nxe8 17. Bf4 c6 18. Rd1 Nd7 19. Nxe4 Nb6 20. Nd6
Nxd6 21. Bb3 Ndc4 22. a4 Na5 23. Ba2 Bxc2 24. Re1 Bb3 25. Bxb3 Nxb3 26. Re7 Nd5
27. Rxb7 Nc5 28. Rb8+ Rxb8 29. Bxb8 Nxa4 30. Bxa7 Nxb2 31. Kf1 Nc4 32. Ke2 f5
33. Kd3 Nd6 34. Kd4 Nb5+ 35. Kc5 Nxa7 {Normal} 0-1

[Event "Rated Blitz game"]
[Site "?"]
[Date "2021.06.21"]
[Round "?"]
[White "ProfAngel"]
[Black "petrosianuro"]
[Result "1-0"]
[WhiteElo "2406"]
[BlackElo "2276"]
[PlyCount "61"]
[EventDate "2021.??.??"]
[EventType "blitz"]

1. e4 e5 2. Nf3 d5 3. Nxe5 Bd6 4. d4 dxe4 5. Nc4 Nf6 6. Nc3 O-O 7. Be2 Nc6 8.
O-O Nxd4 9. Be3 Nxe2+ 10. Qxe2 Bg4 11. Qe1 Qe7 12. Nxd6 cxd6 13. h3 Bf5 14. Bd4
Rfe8 15. Qe3 Qe6 16. Rad1 Nd7 17. b3 h6 18. Ne2 Nb6 19. Nf4 Qd7 20. Qg3 f6 21.
Bxf6 Qf7 22. Rxd6 Nc8 23. Rd8 Nd6 24. Rxa8 Rxa8 25. Be5 Nb5 26. c4 Na3 27. Rd1
Nc2 28. Rd2 e3 29. fxe3 Re8 30. Nd5 Nb4 31. Nxb4 {Time forfeit} 1-0

[Event "Rated Blitz game"]
[Site "?"]
[Date "2021.06.21"]
[Round "?"]
[White "Chisopa1"]
[Black "khalid_ontawar"]
[Result "0-1"]
[WhiteElo "2392"]
[BlackElo "2471"]
[PlyCount "146"]
[EventDate "2021.??.??"]
[EventType "blitz"]

1. e4 e5 2. Nf3 d5 3. exd5 e4 4. Qe2 Nf6 5. Nc3 Bf5 6. d3 Bb4 7. dxe4 Bxc3+ 8.
bxc3 Bxe4 9. Bg5 O-O 10. Bxf6 Qxf6 11. Qe3 Bxf3 12. Qxf3 Re8+ 13. Be2 Qe5 14.
Qe3 Qxe3 15. fxe3 Rxe3 16. Kd2 Re5 17. c4 Nd7 18. Rhe1 Rae8 19. Bf3 Nc5 20.
Rxe5 Rxe5 21. Kc3 b6 22. Kd4 f6 23. a4 a5 24. Rb1 Nxa4 25. h4 Nc5 26. d6 cxd6
27. Rxb6 Rf5 28. Rxd6 Na4 29. Bc6 Rf4+ 30. Kd3 Nc5+ 31. Ke3 Rxh4 32. Bd5+ Kf8
33. Rc6 Na4 34. Ra6 Nb2 35. Rxa5 Nxc4+ 36. Bxc4 Rxc4 37. Ra8+ Kf7 38. Kd3 Rg4
39. c4 Rxg2 40. c5 Rg1 41. Kd2 Rg5 42. Rc8 Ke7 43. c6 Kd6 44. Kd3 Rc5 45. Rg8
Rxc6 46. Rxg7 Rc7 47. Rg8 Ke6 48. Kd4 Kf5 49. Rg1 Re7 50. Rf1+ Kg6 51. Rg1+ Kf7
52. Rh1 Kg7 53. Rf1 Re5 54. Rg1+ Rg5 55. Ra1 Kg6 56. Ke3 h5 57. Kf4 h4 58. Kf3
f5 59. Rh1 Kh5 60. Ra1 Rg4 61. Ra8 Rg3+ 62. Kf2 Kg4 63. Rh8 f4 64. Rg8+ Kh3 65.
Rh8 Ra3 66. Rh7 Ra5 67. Kf3 Ra4 68. Rg7 Kh2 69. Kf2 h3 70. Rg4 Ra2+ 71. Kf3 Rg2
72. Rxf4 Rg8 73. Rc4 Kh1 {Time forfeit} 0-1

[Event "Rated Blitz game"]
[Site "?"]
[Date "2021.06.21"]
[Round "?"]
[White "Remisierer"]
[Black "annaly1979"]
[Result "0-1"]
[WhiteElo "2464"]
[BlackElo "2422"]
[PlyCount "60"]
[EventDate "2021.??.??"]
[EventType "blitz"]

1. e4 e5 2. Nf3 d5 3. exd5 e4 4. Qe2 f5 5. d3 Nf6 6. Nbd2 Be7 7. dxe4 fxe4 8.
Nxe4 Nxe4 9. Qxe4 O-O 10. Be3 Bd6 11. O-O-O Bf5 12. Qc4 Nd7 13. Nd4 Ne5 14. Qb3
a5 15. a4 Qf6 16. h3 Be4 17. f3 Bg6 18. f4 Nd7 19. g3 Nc5 20. Qc4 Rae8 21. Bg1
Re4 22. Bg2 Re7 23. Nb5 b6 24. Nxd6 cxd6 25. Bxc5 bxc5 26. Rhe1 Rfe8 27. Rxe7
Qxe7 28. g4 Qe3+ 29. Kb1 Qe2 30. Bf1 Qxd1+ {Normal} 0-1

[Event "Rated Blitz game"]
[Site "?"]
[Date "2021.06.21"]
[Round "?"]
[White "marc100"]
[Black "Racheengel"]
[Result "0-1"]
[WhiteElo "2331"]
[BlackElo "2439"]
[PlyCount "38"]
[EventDate "2021.??.??"]
[EventType "blitz"]

1. e4 e5 2. Nf3 d5 3. Nxe5 Bd6 4. d4 dxe4 5. Nc3 Bxe5 6. dxe5 Qxd1+ 7. Nxd1 Nc6
8. Bb5 Bd7 9. Bf4 Nge7 10. Bxc6 Bxc6 11. Ne3 O-O-O 12. O-O Ng6 13. Bg3 Rhe8 14.
Nc4 Bb5 15. b3 Bxc4 16. bxc4 Rd2 17. Rfe1 Rd4 18. c5 Nxe5 19. c6 Nxc6 {Normal}
0-1

[Event "Rated Blitz game"]
[Site "?"]
[Date "2021.06.21"]
[Round "?"]
[White "Jasper_Rom"]
[Black "geptil"]
[Result "0-1"]
[WhiteElo "2442"]
[BlackElo "2392"]
[PlyCount "74"]
[EventDate "2021.??.??"]
[EventType "blitz"]

1. e4 e5 2. Nf3 d5 3. Nxe5 Bd6 4. d4 dxe4 5. Nc4 Nf6 6. Be2 O-O 7. O-O Nc6 8.
c3 h6 9. f3 exf3 10. Bxf3 Re8 11. Nxd6 cxd6 12. Nd2 d5 13. Qc2 Bg4 14. h3 Bxf3
15. Nxf3 Ne4 16. Bf4 Qf6 17. Be5 Nxe5 18. Nxe5 Qb6 19. Nxf7 Re7 20. Ne5 Rxe5
21. Qb3 Qxb3 22. axb3 Re7 23. Ra5 Nf6 24. c4 a6 25. c5 Re2 26. Rf2 Rae8 27. b4
Re1+ 28. Kh2 Rd1 29. b5 axb5 30. Rxb5 Re7 31. Rf4 Rd2 32. b4 Ree2 33. Rxb7
Rxg2+ 34. Kh1 Ne4 35. Rg4 Ng3+ 36. Rxg3 Rxg3 37. c6 Rc3 {Normal} 0-1

[Event "Rated Rapid game"]
[Site "?"]
[Date "2021.06.21"]
[Round "?"]
[White "Karbov5252"]
[Black "vahid_fz"]
[Result "1-0"]
[WhiteElo "2440"]
[BlackElo "2259"]
[PlyCount "103"]
[EventDate "2021.??.??"]
[EventType "rapid"]

1. e4 e5 2. Nf3 d5 3. exd5 e4 4. Nd4 Qxd5 5. c3 f5 6. Na3 Qe5 7. Be2 Nf6 8. O-O
c6 9. f4 exf3 10. Bxf3 Qc5 11. b4 Qd6 12. Nc4 Qd8 13. Re1+ Be7 14. Qe2 Kf7 15.
Ne5+ Kf8 16. Nexc6 Nxc6 17. Bxc6 bxc6 18. Nxc6 Qb6+ 19. Kh1 Bd6 20. Nd4 Bd7 21.
Qf1 Kf7 22. d3 Rhe8 23. Bd2 g6 24. a3 a5 25. Nf3 Ng4 26. Ng5+ Kg7 27. c4 Nxh2
28. Rxe8 Nxf1 29. Bc3+ Kh6 30. Nf7+ Kh5 31. Rxa8 Ng3+ 32. Kh2 Ne4+ 33. Be5
Bxe5+ 34. Nxe5 Qd6 35. Rxa5 Nc3 36. Rc1 Nb5 37. Re1 Nd4 38. Rd5 Qf6 39. Rxd4
Bc6 40. b5 Ba8 41. c5 f4 42. Kg1 f3 43. gxf3 Qg5+ 44. Kf2 Qd2+ 45. Re2 Qc3 46.
Rc4 Qxa3 47. c6 Qa7+ 48. d4 Qc7 49. Rc5 Kh6 50. Rd5 Qe7 51. Ng4+ Kg7 52. Rxe7+
{Normal} 1-0

[Event "Rated Blitz game"]
[Site "?"]
[Date "2021.06.21"]
[Round "?"]
[White "lavilaine"]
[Black "pasha1984"]
[Result "1-0"]
[WhiteElo "2322"]
[BlackElo "2404"]
[PlyCount "123"]
[EventDate "2021.??.??"]
[EventType "blitz"]

1. e4 e5 2. Nf3 d5 3. exd5 e4 4. Qe2 Nf6 5. Nc3 Be7 6. Nxe4 Nxd5 7. d4 O-O 8.
c4 Nb4 9. a3 Re8 10. axb4 Bxb4+ 11. Bd2 Bf5 12. Bxb4 Rxe4 13. O-O-O Rxe2 14.
Bxe2 Nc6 15. Bc3 a5 16. Bd3 Bxd3 17. Rxd3 Nb4 18. Re3 Na2+ 19. Kc2 Nxc3 20.
bxc3 Qd7 21. Ne5 Qa4+ 22. Kd3 f6 23. Nf3 Re8 24. Nd2 Rxe3+ 25. fxe3 b5 26. cxb5
Qxb5+ 27. c4 Qb4 28. Rb1 Qa3+ 29. Rb3 Qa1 30. Rb7 a4 31. Rxc7 a3 32. Ra7 a2 33.
Nb3 Qb1+ 34. Kc3 Qe1+ 35. Kb2 Qe2+ 36. Ka1 Qxc4 37. Kxa2 Qe2+ 38. Ka3 Qxe3 39.
Kb4 f5 40. Kc4 g5 41. Nc5 f4 42. d5 Qc1+ 43. Kd4 Qb2+ 44. Ke4 Qxg2+ 45. Ke5
Qe2+ 46. Ne4 f3 47. d6 Qb5+ 48. Ke6 Qc4+ 49. Kf6 Qd4+ 50. Kf5 Qxa7 51. d7 f2
52. d8=Q+ Kg7 53. Qf6+ Kg8 54. Qxg5+ Qg7 55. Qd8+ Kf7 56. Ng5+ Qxg5+ 57. Kxg5
f1=Q 58. Qd7+ Kf8 59. Qd6+ Kf7 60. Qd5+ Kf8 61. Qf5+ Kg8 62. Qxf1 {Time forfeit
} 1-0

[Event "Rated Blitz game"]
[Site "?"]
[Date "2021.06.21"]
[Round "?"]
[White "nimamideje"]
[Black "KamranShirazi"]
[Result "0-1"]
[WhiteElo "2662"]
[BlackElo "2582"]
[PlyCount "26"]
[EventDate "2021.??.??"]
[EventType "blitz"]

1. e4 e5 2. Nf3 d5 3. d3 d4 4. g3 f6 5. Bg2 c5 6. O-O Nc6 7. c3 Be6 8. a3 a5 9.
Qa4 Nge7 10. Nbd2 Nc8 11. cxd4 cxd4 12. b4 Nb6 13. Qb5 axb4 {Normal} 0-1

[Event "Rated Blitz game"]
[Site "?"]
[Date "2021.06.21"]
[Round "?"]
[White "BurnazovicE"]
[Black "Tristan2020"]
[Result "1-0"]
[WhiteElo "2437"]
[BlackElo "2363"]
[PlyCount "109"]
[EventDate "2021.??.??"]
[EventType "blitz"]

1. e4 e5 2. Nf3 d5 3. exd5 e4 4. Ne5 Qxd5 5. d4 exd3 6. Nxd3 Nf6 7. Nc3 Qe6+ 8.
Qe2 Qxe2+ 9. Bxe2 c6 10. Bg5 Be7 11. O-O-O O-O 12. Rhe1 Be6 13. Nf4 Bc8 14. Bc4
Bb4 15. Bxf6 gxf6 16. Rd3 Nd7 17. a3 Ba5 18. Rg3+ Kh8 19. Nh5 Ne5 20. Bb3 Bb6
21. Ne4 f5 22. Nef6 Ng4 23. Re7 Bd8 24. Nxg4 Bxe7 25. Ne5 Be6 26. Bxe6 fxe6 27.
Rg7 Bf6 28. Nf7+ Rxf7 29. Rxf7 Be5 30. f4 Bd4 31. c3 Kg8 32. Rd7 Bh8 33. Rxb7
e5 34. Rc7 e4 35. Rxc6 Rd8 36. Re6 Kf7 37. Ra6 Rd7 38. c4 Bd4 39. b4 Bb6 40. c5
Bc7 41. Kc2 Bb8 42. c6 Rd4 43. b5 e3 44. Ng3 Rd2+ 45. Kc3 Bxf4 46. Rxa7+ Ke6
47. c7 Bxc7 48. Rxc7 Rxg2 49. Rc8 f4 50. b6 fxg3 51. hxg3 Rg1 52. b7 Rc1+ 53.
Kd3 e2 54. Kxe2 Rxc8 55. bxc8=Q+ {Normal} 1-0

[Event "Rated Blitz game"]
[Site "?"]
[Date "2021.06.21"]
[Round "?"]
[White "Sherlock90"]
[Black "geptil"]
[Result "0-1"]
[WhiteElo "2405"]
[BlackElo "2379"]
[PlyCount "49"]
[EventDate "2021.??.??"]
[EventType "blitz"]

1. e4 e5 2. Nf3 d5 3. Nxe5 Bd6 4. d4 dxe4 5. Bc4 Bxe5 6. Qh5 Qe7 7. dxe5 Nc6 8.
Bg5 Qb4+ 9. Nd2 Nxe5 10. O-O-O Bg4 11. Bxf7+ Kf8 12. Qh4 Bxd1 13. Bxg8 Kxg8 14.
Rxd1 h6 15. Be7 Ng6 16. Bxb4 Nxh4 17. g3 Nf3 18. Nxe4 Nxh2 19. Rd7 Rc8 20. Bc3
Rh7 21. Nc5 Ng4 22. Ne4 g5 23. Rd1 Rf7 24. Rf1 Re8 25. Rd1 {Normal} 0-1

[Event "Rated Blitz game"]
[Site "?"]
[Date "2021.06.21"]
[Round "?"]
[White "rfelgaer"]
[Black "Polyclinical"]
[Result "0-1"]
[WhiteElo "2714"]
[BlackElo "2863"]
[PlyCount "126"]
[EventDate "2021.??.??"]
[EventType "blitz"]

1. e4 e5 2. Nf3 d5 3. Nxe5 Bd6 4. d4 dxe4 5. Nc4 Nf6 6. Nc3 O-O 7. Bg5 Nc6 8.
Be2 Re8 9. Qd2 h6 10. Bh4 Be7 11. O-O-O Nd5 12. Bxe7 Rxe7 13. Nxd5 Qxd5 14. Kb1
Be6 15. b3 Rd8 16. c3 Qf5 17. Ne3 Qxf2 18. Rdf1 Qh4 19. g3 Qg5 20. h4 Qa5 21.
Qc2 Nxd4 22. cxd4 Rxd4 23. Rd1 c5 24. Nc4 Bxc4 25. Bxc4 b5 26. Rxd4 cxd4 27.
Bd5 Qc3 28. Bxe4 b4 29. Rd1 g6 30. Qd3 Rd7 31. Rc1 Qxd3+ 32. Bxd3 Re7 33. Rc4
Re3 34. Rxd4 Rxg3 35. Rd7 a5 36. Bc4 Rf3 37. Ra7 Rf5 38. a3 bxa3 39. Ka2 g5 40.
hxg5 hxg5 41. Kxa3 g4 42. Rd7 g3 43. Rd2 Rg5 44. Rg2 Kf8 45. Ka4 Ke7 46. Bb5 f5
47. Bc6 f4 48. Bf3 Kd6 49. Rc2 Rc5 50. Rxc5 Kxc5 51. Kxa5 Kd4 52. b4 Ke3 53.
Bh1 f3 54. b5 g2 55. Bxg2 fxg2 56. b6 g1=Q 57. b7 Qg3 58. Ka6 Qb8 59. Kb6 Ke4
60. Kc6 Ke5 61. Kb6 Kd6 62. Ka6 Kc6 63. Ka5 Qxb7 {Normal} 0-1

[Event "Rated Blitz game"]
[Site "?"]
[Date "2021.06.21"]
[Round "?"]
[White "Aleks89"]
[Black "annaly1979"]
[Result "1-0"]
[WhiteElo "2445"]
[BlackElo "2431"]
[PlyCount "55"]
[EventDate "2021.??.??"]
[EventType "blitz"]

1. e4 e5 2. Nf3 d5 3. Bc4 dxc4 4. Nxe5 Qd4 5. Qh5 Qxe4+ 6. Kd1 g6 7. Nc3 Qxg2
8. Qf3 Bg4 9. Qxg4 Qxh1+ 10. Ke2 Nf6 11. Qc8+ Ke7 12. Qxc7+ Nbd7 13. b3 Bh6 14.
Ba3+ Ke8 15. Rxh1 Bf4 16. Qxb7 Rb8 17. Nxd7 Rxb7 18. Nxf6+ Kd8 19. bxc4 Be5 20.
Ncd5 Bxf6 21. Nxf6 Rb6 22. Nd5 Re8+ 23. Kd3 Ra6 24. Bc5 Rxa2 25. Rb1 Kd7 26.
Nf6+ Ke6 27. Nxe8 Ra5 28. Bd4 {Normal} 1-0

[Event "Rated Blitz game"]
[Site "?"]
[Date "2021.06.21"]
[Round "?"]
[White "luffy77"]
[Black "gammadrill"]
[Result "1-0"]
[WhiteElo "2519"]
[BlackElo "2522"]
[PlyCount "43"]
[EventDate "2021.??.??"]
[EventType "blitz"]

1. e4 e5 2. Nf3 d5 3. Nxe5 Bd6 4. d4 dxe4 5. Bc4 Bxe5 6. Qh5 Qe7 7. Qxe5 Qxe5
8. dxe5 Nc6 9. Bf4 Nge7 10. e6 Bxe6 11. Bxe6 fxe6 12. Bxc7 Nd5 13. Bg3 Nd4 14.
Na3 Rc8 15. O-O-O Nf5 16. Rhe1 e3 17. fxe3 Nfxe3 18. Rd3 Nxg2 19. Rxe6+ Kf7 20.
Re2 Ndf4 21. Rf3 Rhe8 22. Rxg2 {Normal} 1-0

[Event "Rated Blitz game"]
[Site "?"]
[Date "2021.06.21"]
[Round "?"]
[White "mASLOVSKIy"]
[Black "viewer94"]
[Result "0-1"]
[WhiteElo "2361"]
[BlackElo "2441"]
[PlyCount "54"]
[EventDate "2021.??.??"]
[EventType "blitz"]

1. e4 e5 2. Nf3 d5 3. Nxe5 Bd6 4. d4 dxe4 5. Bc4 Bxe5 6. Qh5 Qxd4 7. Qxf7+ Kd8
8. O-O Ne7 9. Bg5 Nbc6 10. Nc3 Bd6 11. Rad1 Qe5 12. Bf4 Qf6 13. Qxf6 gxf6 14.
Nxe4 Ne5 15. Nxd6 cxd6 16. Rxd6+ Ke8 17. Bb3 N7g6 18. Bxe5 fxe5 19. Rfd1 Bf5
20. c4 Ke7 21. c5 Rhd8 22. Ba4 Rac8 23. b4 Nf4 24. g3 Ne2+ 25. Kf1 Nd4 26. Rxd8
Rxd8 27. b5 Bh3+ {Normal} 0-1

[Event "Rated Blitz game"]
[Site "?"]
[Date "2021.06.21"]
[Round "?"]
[White "donttreadonmeplease"]
[Black "lavilaine"]
[Result "1-0"]
[WhiteElo "2559"]
[BlackElo "2374"]
[PlyCount "31"]
[EventDate "2021.??.??"]
[EventType "blitz"]

1. e4 e5 2. Nf3 d5 3. Nxe5 Qe7 4. d4 f6 5. Nd3 dxe4 6. Nf4 Be6 7. Nxe6 Qxe6 8.
Qh5+ Qf7 9. Qb5+ c6 10. Qf5 Nd7 11. Qxe4+ Be7 12. Bd3 O-O-O 13. O-O g6 14. Bf4
f5 15. Qxc6+ bxc6 16. Ba6# {Normal} 1-0

[Event "Rated Blitz game"]
[Site "?"]
[Date "2021.06.21"]
[Round "?"]
[White "Pblu35"]
[Black "KamranShirazi"]
[Result "1-0"]
[WhiteElo "2616"]
[BlackElo "2584"]
[PlyCount "63"]
[EventDate "2021.??.??"]
[EventType "blitz"]

1. e4 e5 2. Nf3 d5 3. exd5 e4 4. Qe2 Nf6 5. d3 Bb4+ 6. c3 O-O 7. dxe4 Bc5 8. g3
Re8 9. Bg2 Rxe4 10. Be3 Ng4 11. Nbd2 Re8 12. O-O-O Bf5 13. Nh4 Bd7 14. Rhe1
Nxe3 15. fxe3 g5 16. Ne4 Rxe4 17. Bxe4 gxh4 18. Qh5 Qf6 19. Qxh7+ Kf8 20. Rf1
Bxe3+ 21. Kb1 Qg7 22. Qxh4 Na6 23. Qf6 Qxf6 24. Rxf6 Kg7 25. Rdf1 Be8 26. R6f3
Bc5 27. d6 Rb8 28. d7 Bxd7 29. Rxf7+ Kg8 30. Rxd7 Bd6 31. Bd5+ Kh8 32. Rff7 {
Normal} 1-0

[Event "Rated Blitz tournament WjwlDu76"]
[Site "?"]
[Date "2021.06.21"]
[Round "?"]
[White "DAMIANRAPPA"]
[Black "cuerosky"]
[Result "0-1"]
[WhiteElo "2506"]
[BlackElo "2304"]
[PlyCount "78"]
[EventDate "2021.??.??"]
[EventType "blitz"]

1. e4 e5 2. Nf3 d5 3. Nc3 dxe4 4. Nxe5 Bd6 5. d4 exd3 6. Nxd3 Nf6 7. Bf4 O-O 8.
Be2 Nc6 9. O-O Nd4 10. Bf3 Bf5 11. Bg5 Be7 12. Bxb7 Rb8 13. Bxf6 Bxf6 14. Be4
Bg6 15. Bxg6 hxg6 16. Ne4 Be7 17. c3 Ne6 18. Qc2 c5 19. Rad1 Qc7 20. Rfe1 a5
21. f3 c4 22. Ndf2 Qb6 23. Rd2 Nc5 24. Kh1 Ne6 25. h3 Nf4 26. Rb1 f5 27. Ng3
Bh4 28. Kh2 Qc7 29. Nfh1 Nh5 30. f4 Qxf4 31. Rd4 Bxg3+ 32. Nxg3 Qxg3+ 33. Kh1
Rbe8 34. Rxc4 Re1+ 35. Rxe1 Qxe1+ 36. Kh2 Qg3+ 37. Kh1 Re8 38. Re4 Rxe4 39.
Qb3+ Kh7 {Normal} 0-1

[Event "Rated Blitz game"]
[Site "?"]
[Date "2021.06.21"]
[Round "?"]
[White "gmftorres1"]
[Black "annaly1979"]
[Result "1-0"]
[WhiteElo "2515"]
[BlackElo "2423"]
[PlyCount "51"]
[EventDate "2021.??.??"]
[EventType "blitz"]

1. e4 e5 2. Nf3 d5 3. Nxe5 Qe7 4. d4 f6 5. Qh5+ g6 6. Nxg6 Qxe4+ 7. Be2 Qxg6 8.
Qxd5 Ne7 9. Qb5+ c6 10. Qb3 Nd7 11. O-O Nb6 12. c4 Bf5 13. Nc3 Rg8 14. g3 h5
15. Bf4 h4 16. a4 hxg3 17. fxg3 Bd3 18. Rae1 Bxe2 19. Rxe2 O-O-O 20. a5 Nd7 21.
a6 b6 22. c5 Qd3 23. Rd1 Qxa6 24. Qe6 Rg7 25. d5 Nxd5 26. Qxc6+ {Normal} 1-0

[Event "Rated Blitz game"]
[Site "?"]
[Date "2021.06.21"]
[Round "?"]
[White "hesham-a"]
[Black "KamranShirazi"]
[Result "1-0"]
[WhiteElo "2682"]
[BlackElo "2551"]
[PlyCount "75"]
[EventDate "2021.??.??"]
[EventType "blitz"]

1. e4 e5 2. Nf3 d5 3. exd5 e4 4. Qe2 Nf6 5. Nc3 Be7 6. Nxe4 Nxd5 7. d4 O-O 8.
Bd2 Re8 9. O-O-O f5 10. Nc3 Nxc3 11. Bxc3 Bg5+ 12. Nxg5 Rxe2 13. Bxe2 Qxg5+ 14.
Kb1 Be6 15. Bf3 c6 16. Rhe1 Bf7 17. d5 cxd5 18. Rxd5 Nc6 19. Rd7 Re8 20. Rxe8+
Bxe8 21. Bd5+ Kf8 22. Rxb7 f4 23. Be4 Ne7 24. Bb4 a5 25. Bxe7+ Qxe7 26. Rxe7
Kxe7 27. Bxh7 g6 28. Bg8 Kd6 29. Kc1 Kc5 30. Kd2 Kd4 31. c3+ Ke4 32. Bc4 Bc6
33. Bd3+ Ke5 34. g3 g5 35. h4 gxh4 36. gxh4 Kf6 37. b4 Kg7 38. b5 {Normal} 1-0

[Event "Rated Blitz game"]
[Site "?"]
[Date "2021.06.21"]
[Round "?"]
[White "poor_blizor"]
[Black "Rikoboy"]
[Result "1-0"]
[WhiteElo "2354"]
[BlackElo "2429"]
[PlyCount "175"]
[EventDate "2021.??.??"]
[EventType "blitz"]

1. e4 e5 2. Nf3 d5 3. exd5 e4 4. Qe2 Nf6 5. Nc3 Be7 6. Nxe4 O-O 7. Nxf6+ Bxf6
8. d4 Re8 9. Be3 Qxd5 10. Qc4 Qa5+ 11. c3 Be6 12. Qb5 Nc6 13. Qxa5 Nxa5 14. b3
c5 15. O-O-O cxd4 16. Nxd4 Rac8 17. Kb2 Bg4 18. Rd2 Nc6 19. Nxc6 Rxc6 20. Bd4
Re1 21. h3 Bh5 22. g4 Bg6 23. Bg2 Rxh1 24. Bxh1 Rd6 25. Bxb7 h5 26. Bf3 h4 27.
b4 a6 28. a4 Bg5 29. Re2 f5 30. b5 axb5 31. axb5 fxg4 32. hxg4 Bd3 33. Re8+ Kf7
34. Rb8 Bf4 35. Rb7+ Kg6 36. Rxg7+ Kh6 37. Rb7 h3 38. b6 h2 39. Rf7 Kg5 40. b7
Rd8 41. Ba7 Be2 42. Bg2 Bf1 43. Bh1 Rd2+ 44. Kb3 Rd8 45. Rxf4 Kxf4 46. b8=Q+
Rxb8+ 47. Bxb8+ Kxg4 48. Bxh2 Be2 49. Bg3 Bd1+ 50. Kb4 Be2 51. c4 Kf5 52. c5
Ke6 53. c6 Ba6 54. Kc5 Bc8 55. Kb6 Kf5 56. Bg2 Kg4 57. c7 Kg5 58. Bb7 Be6 59.
c8=Q Bxc8 60. Bxc8 Kh5 61. Ba6 Kg5 62. Kc5 Kg4 63. Kd4 Kf5 64. f4 Kf6 65. Ke4
Kg6 66. f5+ Kf7 67. Ke5 Ke7 68. f6+ Kf7 69. Bc4+ Kg6 70. f7 Kg7 71. Bf4 Kh7 72.
Ke6 Kg6 73. Ke7 Kh5 74. f8=Q Kg4 75. Qg7+ Kf3 76. Qf6 Ke4 77. Qe5+ Kf3 78. Bh6
Kg4 79. Qe3 Kf5 80. Qg5+ Ke4 81. Bd3+ Kd4 82. Qf4+ Kxd3 83. Qe4+ Kc3 84. Qe5+
Kc2 85. Ke6 Kd3 86. Qd5+ Kc3 87. Ke5 Kc2 88. Qd4 {Time forfeit} 1-0

[Event "Rated Blitz game"]
[Site "?"]
[Date "2021.06.21"]
[Round "?"]
[White "adrinalin"]
[Black "annaly1979"]
[Result "0-1"]
[WhiteElo "2442"]
[BlackElo "2411"]
[PlyCount "134"]
[EventDate "2021.??.??"]
[EventType "blitz"]

1. e4 e5 2. Nf3 d5 3. exd5 e4 4. Qe2 f5 5. Nc3 Nf6 6. d3 Bb4 7. Bd2 Bxc3 8.
Bxc3 O-O 9. dxe4 Nxe4 10. Bd4 Re8 11. Ne5 Nd7 12. f4 Ndf6 13. O-O-O Qxd5 14.
Qc4 Be6 15. Qxd5 Bxd5 16. c4 Be6 17. Bd3 Rad8 18. Bxe4 Nxe4 19. Rhf1 c5 20. Be3
b6 21. Nc6 Rxd1+ 22. Rxd1 Bxc4 23. Nxa7 Bxa2 24. Rd7 Bb3 25. Nc6 Ra8 26. Kb1
Ra2 27. Ne7+ Kf8 28. Nxf5 Be6 29. Rd8+ Kf7 30. Nd6+ Nxd6 31. Rxd6 Ra6 32. Bxc5
Bf5+ 33. Kc1 Ra1+ 34. Kd2 bxc5 35. Rd5 Be4 36. Rxc5 Bxg2 37. Rc7+ Kg6 38. Kc2
Rf1 39. Rc3 Rxf4 40. Rg3+ Kf5 41. Rxg2 g5 42. Rd2 h5 43. Kc3 Rf3+ 44. Kc4 Re3
45. b4 Re8 46. b5 h4 47. Kd3 g4 48. Kc4 g3 49. Rd5+ Kg4 50. hxg3 hxg3 51. Rd4+
Kf3 52. Rd7 Rg8 53. Kc5 g2 54. Rd1 Rg5+ 55. Kc6 Rg6+ 56. Kc7 Rg7+ 57. Kc8 Rg5
58. Kc7 Rxb5 59. Kc6 Rb2 60. Rd3+ Ke4 61. Rd8 g1=Q 62. Re8+ Kf5 63. Rd8 Qc1+
64. Kd7 Rd2+ 65. Ke8 Qe1+ 66. Kf7 Rxd8 67. Kg7 Rd6 {Time forfeit} 0-1

[Event "Rated Blitz tournament WjwlDu76"]
[Site "?"]
[Date "2021.06.21"]
[Round "?"]
[White "MatjOligofrena"]
[Black "cuerosky"]
[Result "0-1"]
[WhiteElo "2448"]
[BlackElo "2306"]
[PlyCount "72"]
[EventDate "2021.??.??"]
[EventType "blitz"]

1. e4 e5 2. Nf3 d5 3. Nc3 dxe4 4. Nxe4 Nf6 5. Qe2 Be7 6. Nxe5 O-O 7. d3 Re8 8.
Nf3 Bg4 9. h3 Bxf3 10. Qxf3 Nc6 11. Be3 Ne5 12. Qd1 Nd5 13. Be2 f5 14. Nc3 Nxe3
15. fxe3 Bh4+ 16. Kf1 Ng6 17. Bf3 Rxe3 18. Nd5 Re5 19. c4 c6 20. Nc3 Re3 21. d4
Qc7 22. d5 Qg3 23. Qc2 Rxf3+ 24. gxf3 Qxf3+ 25. Kg1 Nf4 26. Rh2 Re8 27. dxc6
Qg3+ 28. Rg2 Nxh3+ 29. Kh1 Qf3 30. c7 Nf4 31. Rag1 Bg3 32. Qd1 Qc6 33. Rf1 Qh6+
34. Kg1 Nh3+ 35. Kh1 Nf2+ 36. Kg1 Qh1# {Normal} 0-1

[Event "Rated Blitz tournament Vl7vXKzr"]
[Site "?"]
[Date "2021.06.20"]
[Round "?"]
[White "Zhigalko_Andrey"]
[Black "Lur15"]
[Result "1-0"]
[WhiteElo "2684"]
[BlackElo "2398"]
[PlyCount "49"]
[EventDate "2021.??.??"]
[EventType "blitz"]

1. e4 e5 2. Nf3 d5 3. exd5 e4 4. Qe2 Nf6 5. d3 Qxd5 6. Nbd2 Nc6 7. dxe4 Qc5 8.
Nb3 Qb4+ 9. Nfd2 Be6 10. c3 Qe7 11. g3 Qd7 12. f4 Bg4 13. Qe3 O-O-O 14. h3 Nd5
15. Qf2 Ndb4 16. cxb4 Nxb4 17. hxg4 Nc2+ 18. Kd1 Nxa1 19. Nxa1 Qa4+ 20. Nc2
Qxa2 21. Rh5 Qa4 22. Bb5 Qxe4 23. Qxa7 c6 24. Qa8+ Kc7 25. Qxd8+ {Normal} 1-0

[Event "Rated Blitz tournament TolWHUEl"]
[Site "?"]
[Date "2021.06.20"]
[Round "?"]
[White "flashironman"]
[Black "Aduna"]
[Result "1/2-1/2"]
[WhiteElo "2438"]
[BlackElo "2327"]
[PlyCount "50"]
[EventDate "2021.??.??"]
[EventType "blitz"]

1. e4 e5 2. Nf3 d5 3. exd5 e4 4. Qe2 Nf6 5. Nc3 Be7 6. Ng5 O-O 7. Ngxe4 Re8 8.
d3 Nxd5 9. Nxd5 Qxd5 10. Bg5 Bd7 11. c4 Bb4+ 12. Kd1 Rxe4 13. cxd5 Rxe2 14.
Bxe2 Na6 15. d4 Re8 16. Bxa6 bxa6 17. Bd2 Bd6 18. Re1 Rb8 19. b3 Rb5 20. Ke2
Rxd5 21. Be3 Bb5+ 22. Kf3 Bc6 23. Ke2 Bb5+ 24. Kf3 Bc6 25. Ke2 Bb5+ {Normal}
1/2-1/2

[Event "Rated Blitz tournament 9AH7odx8"]
[Site "?"]
[Date "2021.06.20"]
[Round "?"]
[White "VladimirKruglikov"]
[Black "geptil"]
[Result "0-1"]
[WhiteElo "2428"]
[BlackElo "2370"]
[PlyCount "22"]
[EventDate "2021.??.??"]
[EventType "blitz"]

1. e4 e5 2. Nf3 d5 3. d4 dxe4 4. Nxe5 Bd6 5. Bc4 Bxe5 6. dxe5 Qxd1+ 7. Kxd1 Nc6
8. Nc3 Nxe5 9. Bb3 Bg4+ 10. Ke1 O-O-O 11. Nxe4 Rd1# {Normal} 0-1

[Event "Rated Blitz tournament 9AH7odx8"]
[Site "?"]
[Date "2021.06.20"]
[Round "?"]
[White "MihaiG"]
[Black "geptil"]
[Result "0-1"]
[WhiteElo "2468"]
[BlackElo "2355"]
[PlyCount "24"]
[EventDate "2021.??.??"]
[EventType "blitz"]

1. e4 e5 2. Nf3 d5 3. exd5 e4 4. Nd4 Qxd5 5. Nb3 Nf6 6. Nc3 Qf5 7. d3 Bb4 8.
Bd2 O-O 9. Nxe4 Nxe4 10. dxe4 Qxe4+ 11. Be2 Qxg2 12. Bf3 Re8+ {Normal} 0-1